00320nam a2200133Ia 45000030006000000080041000060400015000471000027000622450048000892500011001372600009001485460012001570050017001690STCL150530s9999 xx 000 0 und d aSTCLcSTCL aRam Niranjan; Tripathy aPublic finance in under developed countries aSecond c1968 aEnglish20220125165540.0